伦敦-这座城市在历史上曾被谁统治(七) - Statistics

General Stats
  • This quiz has been taken 35 times
  • The average score is 8 of 34
Answer Stats
时间及提示 政权名称 % Correct
1世纪中叶建立:约公元47 - 286 罗马帝国
73%
1922至今 (正式国号) 大不列颠及北爱尔兰联合王国
69%
约450 - 约600 (回答“不知道”) 盎格鲁-撒克逊诸部混战,反正不是罗马人统治了
65%
1901 - 1917 | 1917至今 (王朝) 萨克森-科堡-哥达王朝 | 温莎王朝
54%
410 - 大约450左右 (回答“地方自治”) 帝国势力撤了,鬼知道谁在统治,反正是罗马人
50%
9世纪多次攻占伦敦 (欧洲北方族群) 维京人
42%
1801 -1922 (正式国号) 大不列颠及爱尔兰联合王国
42%
1485 - 1603 (王朝) 都铎王朝
38%
1154 - 1399(1485) (王朝) 金雀花王朝 (安茹王朝)
35%
1660 - 1714 (王朝) 斯图亚特王朝
35%
1707 - 1801 (国号) 大不列颠王国
35%
1714 - 1901 (王朝) 汉诺威王朝
35%
完全统一全境算起,927 - 1649 (国号) 英格兰王国
31%
1066 - 1154 (王朝) 诺曼底王朝 (诺曼王朝)
31%
296 - 410 罗马帝国
27%
1660 - 1707 (国号) 英格兰王国
27%
1399 - 1460 (支系王朝) 兰开斯特王朝
23%
1603 -1642(1649) (王朝) 斯图亚特王朝
23%
886 - 927 收复并重建了城市 (国号) 威塞克斯王国
15%
(1642)1649 - 1660 英格兰、苏格兰与爱尔兰联邦 (英格兰共和国)
15%
1016 - 1035 国王统治多个国家,史家合称: 北海帝国
12%
(1460)1461 - 1470 (支系王朝) 约克王朝
12%
1471 - 1485 (支系王朝) 约克王朝
12%
或7世纪后期 - 829 麦西亚王国
8%
(886)927 - 1016 (王朝) 威塞克斯王朝
8%
1470 - 1471 (支系王朝) 兰开斯特王朝
8%
约600 - 或7世纪后期(约670?) 埃塞克斯王国
4%
829 - 830 威塞克斯王国
4%
830 - 874(878) 麦西亚王国
4%
(874)878 - 886 被某地人统治使用该地法律,史称: 丹麦法区
4%
1016 -1042 (王朝) 丹麦王朝
4%
1042 -1066 (王朝) 威塞克斯王朝
4%
约公元60或61 短暂占领 (蛮族部落) 爱西尼人
0%
286 - 296 (可回答君主) 不列颠帝国 (卡劳修斯)
0%
No matching quizzes found
Score Distribution
Percent of People with Each Score
Percentile by Number Answered
Your Score History
You have not taken this quiz